<?xml version="1.0" encoding="UTF-8"?>
<record
    xmlns:xsi="http://www.w3.org/2001/XMLSchema-instance"
    xsi:schemaLocation="http://www.loc.gov/MARC21/slim http://www.loc.gov/standards/marcxml/schema/MARC21slim.xsd"
    xmlns="http://www.loc.gov/MARC21/slim">

  <leader>00642nam a22001817a 4500</leader>
  <controlfield tag="003">UA-OsUOA</controlfield>
  <controlfield tag="001"> 18467 </controlfield>
  <controlfield tag="007">ta</controlfield>
  <controlfield tag="008">20040518b un ||||| |||| 00| 0 ukr d</controlfield>
  <datafield tag="100" ind1=" " ind2=" ">
    <subfield code="a">&#x41F;&#x430;&#x441;&#x442;&#x443;&#x448;&#x43E;&#x43A; &#x41E;.</subfield>
  </datafield>
  <datafield tag="942" ind1=" " ind2=" ">
    <subfield code="c">SA</subfield>
  </datafield>
  <datafield tag="040" ind1=" " ind2=" ">
    <subfield code="a">UA-OsUOA</subfield>
    <subfield code="c">UA-OsUOA</subfield>
    <subfield code="d">UA-OsUOA</subfield>
  </datafield>
  <datafield tag="245" ind1=" " ind2=" ">
    <subfield code="a">"&#x417;&#x43E;&#x440;&#x44F;&#x43D;&#x438;&#x439; &#x432;&#x456;&#x442;&#x435;&#x440;" &#x443; &#x420;&#x456;&#x432;&#x43D;&#x43E;&#x43C;&#x443;</subfield>
    <subfield code="b">[&#x423; &#x420;&#x456;&#x432;&#x43D;&#x43E;&#x43C;&#x443; &#x432; &#x41F;&#x430;&#x43B;&#x430;&#x446;&#x456; &#x434;&#x456;&#x442;&#x435;&#x439; &#x442;&#x430; &#x43C;&#x43E;&#x43B;&#x43E;&#x434;&#x456; &#x432;&#x456;&#x434;&#x431;&#x443;&#x432;&#x441;&#x44F; V&#x406; &#x43C;&#x438;&#x441;&#x442;. &#x444;&#x435;&#x441;&#x442;&#x438;&#x432;&#x430;&#x43B;&#x44C; "&#x417;&#x43E;&#x440;&#x44F;&#x43D;&#x438;&#x439; &#x432;&#x456;&#x442;&#x435;&#x440;"]</subfield>
  </datafield>
  <datafield tag="300" ind1=" " ind2=" ">
    <subfield code="a">&#x421;.3</subfield>
  </datafield>
  <datafield tag="955" ind1=" " ind2=" ">
    <subfield code="a">0</subfield>
  </datafield>
  <datafield tag="773" ind1="0" ind2=" ">
    <subfield code="w">0</subfield>
    <subfield code="t">&#x412;&#x41E;&#x41B;&#x418;&#x41D;&#x42C;</subfield>
    <subfield code="d">&#x420;&#x456;&#x432;&#x43D;&#x435;</subfield>
    <subfield code="d">2004</subfield>
    <subfield code="g">&#x2116;20/ 14 &#x442;&#x440;&#x430;&#x432;./</subfield>
  </datafield>
  <datafield tag="650" ind1=" " ind2="7">
    <subfield code="a">&#x417;&#x43E;&#x440;&#x44F;&#x43D;&#x438;&#x439; &#x432;&#x456;&#x442;&#x435;&#x440;</subfield>
    <subfield code="2">UDC</subfield>
  </datafield>
  <datafield tag="999" ind1=" " ind2=" ">
    <subfield code="c">304638</subfield>
    <subfield code="d">304638</subfield>
  </datafield>
</record>
